| 000 | 00511cam a22002054a 4500 | ||
|---|---|---|---|
| 005 | 20250804092947.0 | ||
| 008 | 250528s ||||||||||||||||||||||||d | ||
| 035 | _a22571 | ||
| 020 | _a9780130803023 | ||
| 040 |
_aGR-AtMCL _bgre _dGR-AtMCL _eAACR2 |
||
| 245 | 1 | _aARTIFICIAL INTELLIGENCE | |
| 250 | _a2 | ||
| 260 |
_bPrentice Hall, _c2003 |
||
| 300 | _a1081 | ||
| 700 | 1 |
_aNorvig, Peter _91939 |
|
| 700 | 1 |
_aRussell, Stuart J. _q(Stuart Jonathan) _91940 |
|
| 942 | _cBK | ||
| 999 |
_c7619 _d7619 |
||